000 00616nam a2200241Ia 4500
003 OSt
005 20221005123833.0
006 a|||||r|||| 00| 0
007 ta
008 221004b |||||||| |||| 00| 0 mal d
024 _a54390
037 _cTextual
040 _aCRL
_cCRL
_bmal
041 _2mal
_amal
082 _aO32:gv, M1
100 _aPillai Velayudhan
_9633939
245 0 _aMalayalam sahitya vimarshanam
260 _c1981
300 _a114p.
_ccm.
650 _aMALAYALAM LITERATURE
_938866
942 _hO32:gv, M1
_cTEXL
_2cc
999 _c1048651
_d1048651